=LDR 00000nam 2200000 4500 =001 INLIS000000000049861 =005 20210617083516 =035 ##$$a 0010-041700000000051 =008 210617################g##########0#ind## =020 ##$$a 978-979-3832-66-1 =040 ##$$a NBPDMAT =082 ##$$a 069.132 =100 ##$$a Alan Malangi =245 1#$$a Museum Samparaja /$c Alan Malingi =260 ##$$a Mataram :$b Mahani Persada,$c 2010 =300 ##$$a vi, 70 hlm : $b Ilus ; $c 10 x 21 cm =440 ##$$a MUMUSEUM SAMPARAJA =850 ##$$a NBPDMAT =084 ##$$a 069.132 ALA m =650 #4$$a Musium - Bima =504 ##$$a Biografi : hlm 69-70 =990 ##$$a 21604715 =990 ##$$a 21604716 =990 ##$$a 21604717 =990 ##$$a 21604718 =990 ##$$a 21604719 =990 ##$$a 31.952/Pb.2013